00469nam a2200181 a 4500001001300000003000900013005001700022008004100039020002400080082001600104100001600120245003500136260003400171300000900205500003500214650002200249700001600271nice12345678IN_TiNIC20260116014209.0100119s2009 dela grp 000 0 eng  a9788176259668c155000a822.33bANS aAnsari, A A aShakespearean and Other Essays aDelhi bSarup and Sons c2009 a528p aincludes index and biblioraphy aShakespeare-Works1 aAnsari, A A